00654 a2200181 4500010001400000020002200014035001300036037002000049082001400069100004400083245013000127246005800257250001100315260004200326270006000368300002000428650002400448 aTML-30350 a8123410989c55.00 aTM-28586 bD.B.Act / pub / a330.95482 aபேரின்பன், தேவ. a தமிழகத்தின் பொருளாதார வரலாறுcby தேவ. பேரின்பன aTamizhakathin porulathara varalarubby Deva. Perinpan a1st ed aChennaibNew Century Book Housec2006 a41b, Sidco Indusrial estate , AmbatturbChennaie600098 axvi, 126pc22cm aEconomic conditions